مكتبة جامعة عجلون الوطنية

فهرس بحث المكتبة

Normal view MARC view
  • تأليف: مخامرة،محسن/م.مشارك: زياد رمضان،فؤاد الشيخ سالم،اميمة الدهان

Entry Personal Name

Number of records used in: 1

001 - CONTROL NUMBER

  • control field: 33256

003 - CONTROL NUMBER IDENTIFIER

  • control field: JO-AjAnu

005 - DATE AND TIME OF LATEST TRANSACTION

  • control field: 20230606075600.0

008 - FIXED-LENGTH DATA ELEMENTS

  • fixed length control field: 230606|| aca||aabn | a|a d

040 ## - CATALOGING SOURCE

  • Original cataloging agency: JO-AjAnu
  • Transcribing agency: JO-AjAnu

100 ## - HEADING--PERSONAL NAME

  • Personal name: تأليف: مخامرة،محسن/م.مشارك: زياد رمضان،فؤاد الشيخ سالم،اميمة الدهان

670 ## - SOURCE DATA FOUND

  • Source citation: Work cat.: (JO-AjAnu)17084: تأليف: مخامرة،محسن/م.مشارك: زياد رمضان،فؤاد الشيخ سالم،اميمة الدهان, author, المفاهيم الادارية الحديثة